Data structures and algorithms using C (Record no. 449)

MARC details
000 -LEADER
fixed length control field 00531 a2200181 4500
001 - CONTROL NUMBER
control field 066391
003 - CONTROL NUMBER IDENTIFIER
control field OSt
005 - DATE AND TIME OF LATEST TRANSACTION
control field 20210927150507.0
008 - FIXED-LENGTH DATA ELEMENTS--GENERAL INFORMATION
fixed length control field
082 ## - DEWEY DECIMAL CLASSIFICATION NUMBER
Classification number 005.133
Item number S31D
100 1# - MAIN ENTRY--PERSONAL NAME
Personal name Salaria, R.S.
245 1# - TITLE STATEMENT
Title Data structures and algorithms using C
Statement of responsibility, etc by R.S. Salaria
250 ## - EDITION STATEMENT
Edition statement 4th ed.
260 ## - PUBLICATION, DISTRIBUTION, ETC. (IMPRINT)
Place of publication, distribution, etc New Delhi
Name of publisher, distributor, etc Khanna Books
300 ## - PHYSICAL DESCRIPTION
Extent 522p.
690 ## - LOCAL SUBJECT ADDED ENTRY--TOPICAL TERM (OCLC, RLIN)
Topical term or geographic name as entry element Computer algorithms; C (Computer program language); Data structures (Computer science); Computer science
942 ## - ADDED ENTRY ELEMENTS (KOHA)
Source of classification or shelving scheme Dewey Decimal Classification
Koha item type Books
Holdings
Withdrawn status Lost status Source of classification or shelving scheme Damaged status Not for loan Collection code Home library Current library Date acquired Source of acquisition Cost, normal purchase price Total Checkouts Full call number Barcode Date last seen Date checked out Price effective from Koha item type
    Dewey Decimal Classification     General Text Book Central University Of Rajasthan Central University Of Rajasthan 07/03/2012 CSC 350.00 2 005.133 S31D 677 21/11/2024 04/09/2024 02/09/2020 Books